Регионална библиотека "Любен Каравелов" - Русе

Ще идвам в съня ти (Запис номер 31950)

MARC детайли
000 -Лидер
Контролно поле с фиксирана дължина 01010nam a2200277 c 4500
003 - Код на организацията, давaща контролен номер
Контролно поле BLK
005 - Дата и час на последна редакция
Контролно поле 20241105005514.0
008 - Елементи от данни с фиксирана дължина
fixed length control field 180407b bul|||||r ||||||| ||bul||
010 ## - Наследен системен номер
LC control number KNG00034618000
020 ## - Международен стандартен номер на книга ISBN
Международен стандартен номер на книга ISBN 954-411-068-2
-- издат.: Факел
040 ## - Източник на каталожния запис
Идентификатор на билиотеката - собственик на записа BLK
041 ## - Код за език
Код за езика на текст/звукозапис или на отделно заглавие Български
Код за езика КДБФ Български
080 ## - УДК
Текстов определител УДК Българска литература
УДК код - определител по УДК 821.163.2
УДК определител -2
УДК - код + определител 821.163.2-2
100 ## - Редна дума - Автор
Автор Димитрова, Блага Николова
Дати, свързани с автора 1922 - 2003
Автор - информация (биография) Писателка, поетеса, драматург, публицист, преводачка
R(LIN) 363629
139 ## - Редно поле
Редна дума Димитрова, Блага Николова
Авторски знак Димк - Д 59
245 10 - Сведения за заглавието
Заглавие Ще идвам в съня ти
Подзаглавни данни Пиеса
Редно поле (дума) Блага Николова Димитрова.
260 ## - Област на издателските данни
-- София
Име на издателя, разпространителя и проч. Факел
Година на издаване 2000
300 ## - Физическа характеристика
Страници 104 с.
Размери/Мащаб 20 см
380 ## - Жанр
Жанр Худож. лит.
852 ## - Местоположение
Форматна сигнатура Цб 206844
856 4# - Електронен адрес и достъп
Електронен формат pdf - файл
Път до файла /url/
856 4# - Електронен адрес и достъп
Електронен формат pdf - файл
Път до файла /url/
942 ## - АРТИКУЛИ
Вид на библиотечния материал Книги
Скрит в OPAC Не
Koha issues (borrowed), all copies 2
944 ## - СЪЗДАВАНЕ И РЕДАКЦИЯ на ЗАПИСА
Създаване/Редакция Създаване
Дата на регистрацията/редакция 15.01.2003
Служител, извършил регистрацията/редакцията
Статус, дата на статуса CRON CRON
944 ## - СЪЗДАВАНЕ И РЕДАКЦИЯ на ЗАПИСА
Създаване/Редакция Редакция
Дата на регистрацията/редакция 15.01.2003
Служител, извършил регистрацията/редакцията
999 ## - СИСТЕМНИ КОНТРОЛНИ НОМЕРА
Koha biblionumber 31950
Koha biblioitemnumber 31950
Наличности
Код за отписване Код за изгубен артикул Източник на класификационната схема Код за повреда Коз за рестрикции Код за отдаване Артикулен № Име на библиотеката - собственик Име на библиотеката, в която се намира в момента Статус (Текущо местоположение) Дата на вписване в системата Местоположение - отдел Цена в лева Инвентарен номер Систематично азбучна сигнатура Баркод Номер на екземпляра Цена в евро Служебен тип на артикула Служебна бележка
  Не е изгубен Universal Decimal Classification Не е повреден без рестрикции ползва се в читалня 50856 Регионална библиотека "Любен Каравелов" Русе Регионална библиотека "Любен Каравелов" Русе Хранилище 2001-01-01 Хранилище 0.00 661074 Цб 206844 120000661074 1 0.00 Книги  
  Не е изгубен Universal Decimal Classification Не е повреден без рестрикции заемане за дома 50857 Регионална библиотека "Любен Каравелов" Русе Регионална библиотека "Любен Каравелов" Русе Заемна - подръчен фонд 2001-01-01 Заемна - подръчен фонд 1.00 661535 П 886.7-2/Д 58 120000661535 2 0.51 Книги Дата инв: 14.02.2018 Бележки инв: П2018
Vip Innovations Ltd, Rousse, Bulgaria 2025